000 00328nam a2200169Ia 4500
100 _aBrown martin/C
650 _aPerl
250 _a2
942 _cBK
366 _f20
245 _aPerl:Complete reference
260 _bMcGraw Hill
_c2001
082 _a5.133
_bBRO
300 _a1207
546 _aENGLISH
999 _c31344
_d31344